[Event "Wolrd Chess Olympiad 2018"]
[Site "Batumi"]
[Date "2018.09.25"]
[Round "2"]
[Board "4"]
[WhiteFideId "12200174"]
[White "Khalid El Amin"]
[BlackFideId "16900057"]
[Black "Rita Jose"]
[Result "1-0"]
[LiveChessVersion "1.4.8"]
[BlackElo "1695"]
[WhiteElo "2054"]

1. Nf3 {[%clk 1:30:52]} d5 {[%clk 1:30:30]} 2. e3 {[%clk 1:31:03]} Nf6
{[%clk 1:30:05]} 3. b3 {[%clk 1:31:17]} g6 {[%clk 1:29:45]} 4. Bb2
{[%clk 1:31:25]} Bg7 {[%clk 1:30:00]} 5. c4 {[%clk 1:28:14]} c6 {[%clk 1:26:20]}
6. Be2 {[%clk 1:25:56]} O-O {[%clk 1:26:24]} 7. O-O {[%clk 1:26:02]} Re8
{[%clk 1:26:19]} 8. d3 {[%clk 1:20:38]} Nbd7 {[%clk 1:26:00]} 9. Na3
{[%clk 1:16:06]} e6 {[%clk 1:22:55]} 10. Qd2 {[%clk 1:13:08]} Qe7
{[%clk 1:22:23]} 11. Rac1 {[%clk 1:10:35]} Qd6 {[%clk 1:18:41]} 12. Rfd1
{[%clk 1:08:00]} a6 {[%clk 1:16:02]} 13. Nb1 {[%clk 1:06:44]} e5 {[%clk 1:14:53]}
14. Ba3 {[%clk 1:04:11]} Qe6 {[%clk 1:12:23]} 15. h3 {[%clk 1:01:42]} h6
{[%clk 1:12:05]} 16. Nh2 {[%clk 0:59:08]} g5 {[%clk 1:11:26]} 17. Re1
{[%clk 0:58:03]} e4 {[%clk 1:11:42]} 18. cxd5 {[%clk 0:57:04]} Nxd5
{[%clk 1:09:25]} 19. dxe4 {[%clk 0:56:58]} Qxe4 {[%clk 1:08:17]} 20. Bf3
{[%clk 0:56:07]} Qe6 {[%clk 1:07:50]} 21. Red1 {[%clk 0:55:51]} N7f6
{[%clk 1:07:33]} 22. Bb2 {[%clk 0:52:50]} Ne4 {[%clk 0:59:54]} 23. Qe2
{[%clk 0:41:30]} Bxb2 {[%clk 0:59:48]} 24. Qxb2 {[%clk 0:41:50]} Qe5
{[%clk 1:00:00]} 25. Qxe5 {[%clk 0:41:30]} Rxe5 {[%clk 1:00:13]} 26. Na3
{[%clk 0:38:40]} Bf5 {[%clk 0:58:19]} 27. Nc4 {[%clk 0:37:51]} Re7
{[%clk 0:55:10]} 28. Bxe4 {[%clk 0:34:26]} Bxe4 {[%clk 0:55:14]} 29. f3
{[%clk 0:34:33]} Bg6 {[%clk 0:55:14]} 30. e4 {[%clk 0:34:50]} Nf4
{[%clk 0:53:36]} 31. Rd2 {[%clk 0:33:15]} f5 {[%clk 0:51:22]} 32. g3
{[%clk 0:29:46]} Nh5 {[%clk 0:47:03]} 33. exf5 {[%clk 0:28:10]} Bf7
{[%clk 0:45:26]} 34. Kf2 {[%clk 0:27:35]} Rae8 {[%clk 0:41:09]} 35. Ng4
{[%clk 0:27:22]} Kg7 {[%clk 0:40:20]} 36. Rc3 {[%clk 0:25:53]} Bd5
{[%clk 0:37:19]} 37. Nce3 {[%clk 0:25:57]} Nf6 {[%clk 0:34:16]} 38. Nxf6
{[%clk 0:24:39]} Kxf6 {[%clk 0:34:44]} 39. Ng4+ {[%clk 0:24:14]} Kxf5
{[%clk 0:33:21]} 40. Nxh6+ {[%clk 0:54:29]} Kg6 {[%clk 1:03:08]} 41. Ng4
{[%clk 0:54:47]} Re1 {[%clk 1:02:38]} 42. Re3 {[%clk 0:53:59]} R8xe3
{[%clk 0:57:43]} 43. Nxe3 {[%clk 0:54:14]} Rh1 {[%clk 0:57:50]} 44. Nxd5
{[%clk 0:53:32]} cxd5 {[%clk 0:57:19]} 45. Rxd5 {[%clk 0:53:08]} Rxh3
{[%clk 0:56:42]} 46. Kg2 {[%clk 0:52:16]} Rh7 {[%clk 0:56:34]} 47. Rd6+
{[%clk 0:51:55]} Kf5 {[%clk 0:55:28]} 48. g4+ {[%clk 0:51:41]} Kf4
{[%clk 0:54:33]} 49. Rf6+ {[%clk 0:51:34]} Ke3 {[%clk 0:54:57]} 50. Rg6
{[%clk 0:50:46]} Kf4 {[%clk 0:54:00]} 51. Rf6+ {[%clk 0:50:51]} Ke3
{[%clk 0:54:02]} 52. Re6+ {[%clk 0:50:48]} Kd4 {[%clk 0:52:41]} 53. Rg6
{[%clk 0:50:41]} Re7 {[%clk 0:52:31]} 54. Rxg5 {[%clk 0:50:37]} Re2+
{[%clk 0:52:25]} 55. Kg3 {[%clk 0:50:57]} Rxa2 {[%clk 0:52:44]} 56. Rf5
{[%clk 0:49:43]} Rb2 {[%clk 0:52:53]} 57. g5 {[%clk 0:49:56]} Rxb3
{[%clk 0:53:18]} 58. g6 {[%clk 0:49:09]} Rb6 {[%clk 0:53:46]} 59. Rg5
{[%clk 0:49:04]} Rxg6 {[%clk 0:53:53]} 60. Rxg6 a5 61. Rb6 {[%clk 0:49:12]} 1-0

[Event "World Chess Olympiad 2018"]
[Site "Batumi"]
[Date "2018.09.25"]
[Round "2"]
[Board "3"]
[WhiteFideId "1416928"]
[White "Ochsner Bjorn Moller"]
[BlackFideId "13602608"]
[Black "Sanikidze Tornike"]
[Result "1/2-1/2"]
[LiveChessVersion "1.4.8"]
[BlackElo "2497"]
[WhiteElo "2462"]

1. e4 {[%clk 1:30:56]} e6 {[%clk 1:30:44]} 2. d4 {[%clk 1:30:09]} d5
{[%clk 1:31:09]} 3. Nd2 {[%clk 1:30:36]} Nf6 {[%clk 1:30:54]} 4. e5
{[%clk 1:30:54]} Nfd7 {[%clk 1:31:19]} 5. Bd3 {[%clk 1:31:02]} c5
{[%clk 1:31:44]} 6. c3 {[%clk 1:31:23]} Nc6 {[%clk 1:32:11]} 7. Ne2
{[%clk 1:31:30]} cxd4 {[%clk 1:32:37]} 8. cxd4 {[%clk 1:31:56]} f6
{[%clk 1:33:05]} 9. exf6 {[%clk 1:32:09]} Nxf6 {[%clk 1:33:29]} 10. O-O
{[%clk 1:31:21]} Bd6 {[%clk 1:32:59]} 11. Re1 {[%clk 1:23:40]} O-O
{[%clk 1:06:08]} 12. Nf3 {[%clk 1:22:07]} e5 {[%clk 0:53:47]} 13. dxe5
{[%clk 1:20:46]} Nxe5 {[%clk 0:53:56]} 14. Ned4 {[%clk 0:32:53]} Nxd3
{[%clk 0:35:00]} 15. Qxd3 {[%clk 0:33:19]} Ne4 {[%clk 0:35:23]} 16. Be3
{[%clk 0:24:16]} a6 {[%clk 0:30:38]} 17. Ne2 {[%clk 0:18:24]} Kh8
{[%clk 0:21:40]} 18. Red1 {[%clk 0:15:05]} Qe8 {[%clk 0:09:20]} 19. Qxd5
{[%clk 0:10:10]} Bg4 {[%clk 0:09:22]} 20. Rd4 {[%clk 0:06:53]} Bf5
{[%clk 0:04:06]} 21. Rxe4 {[%clk 0:06:19]} Bxh2+ {[%clk 0:01:23]} 22. Nxh2
{[%clk 0:06:29]} Bxe4 {[%clk 0:01:49]} 23. Qb3 {[%clk 0:04:07]} Rc8
{[%clk 0:00:42]} 24. Ng3 {[%clk 0:03:15]} Bc6 {[%clk 0:00:35]} 25. Qb4
{[%clk 0:02:21]} Qe6 {[%clk 0:00:43]} 26. Qg4 {[%clk 0:01:56]} Qf7
{[%clk 0:00:32]} 27. Qh5 {[%clk 0:01:32]} Qf6 {[%clk 0:00:32]} 28. Rd1
{[%clk 0:01:01]} Qxb2 {[%clk 0:00:38]} 29. Bd4 {[%clk 0:01:02]} Qc2
{[%clk 0:00:53]} 30. Qg4 {[%clk 0:01:02]} Rc7 {[%clk 0:00:55]} 31. Nh5
{[%clk 0:01:05]} Qg6 {[%clk 0:00:53]} 32. Be5 {[%clk 0:00:59]} Rcf7
{[%clk 0:00:32]} 33. Rd6 {[%clk 0:00:48]} Qb1+ {[%clk 0:00:32]} 34. Nf1
{[%clk 0:00:49]} Rg8 {[%clk 0:00:31]} 35. Nxg7 {[%clk 0:00:45]} Qe1
{[%clk 0:00:56]} 36. Bd4 {[%clk 0:00:42]} Rgxg7 {[%clk 0:00:33]} 37. Rd8+
{[%clk 0:00:52]} Be8 {[%clk 0:01:02]} 38. Bxg7+ {[%clk 0:00:40]} Rxg7
{[%clk 0:01:27]} 39. Qc8 {[%clk 0:00:36]} Re7 {[%clk 0:00:59]} 40. Rd3
{[%clk 0:30:42]} Qe6 {[%clk 0:30:35]} 41. Qd8 {[%clk 0:23:47]} Rd7
{[%clk 0:29:47]} 42. Rxd7 {[%clk 0:23:47]} Qxd7 {[%clk 0:30:14]} 43. Qf6+
{[%clk 0:23:29]} Qg7 {[%clk 0:27:36]} 44. Qd6 {[%clk 0:23:25]} Bc6
{[%clk 0:27:04]} 45. Ne3 {[%clk 0:22:32]} Kg8 {[%clk 0:26:20]} 46. f3
{[%clk 0:18:48]} Qg6 {[%clk 0:22:43]} 47. Qd8+ {[%clk 0:16:54]} Qe8
{[%clk 0:22:52]} 48. Qd4 {[%clk 0:16:40]} Qe6 {[%clk 0:22:34]} 49. a3
{[%clk 0:11:32]} b5 {[%clk 0:13:45]} 50. Qd8+ {[%clk 0:09:53]} Kf7
{[%clk 0:12:01]} 51. Ng4 {[%clk 0:08:20]} Qe7 {[%clk 0:11:16]} 52. Qd2
{[%clk 0:06:15]} Qxa3 {[%clk 0:08:37]} 53. Qg5 {[%clk 0:04:09]} Qd6
{[%clk 0:05:18]} 54. Nh6+ {[%clk 0:04:27]} Ke8 {[%clk 0:05:07]} 55. Qg8+
{[%clk 0:04:12]} Kd7 {[%clk 0:05:11]} 56. Qxh7+ {[%clk 0:04:12]} Qe7
{[%clk 0:04:36]} 57. Qf5+ {[%clk 0:03:50]} Kc7 {[%clk 0:04:24]} 58. Qf4+
{[%clk 0:03:47]} Qd6 {[%clk 0:04:26]} 59. Qf7+ {[%clk 0:04:07]} Qd7
{[%clk 0:04:02]} 60. Qf4+ {[%clk 0:03:21]} Qd6 {[%clk 0:04:30]} 61. Qf7+
{[%clk 0:03:38]} Qd7 {[%clk 0:04:53]} 62. Qf4+ {[%clk 0:03:52]} 1/2-1/2

[Event "World Chess Olympiad 2018"]
[Site "Batumi"]
[Date "2018.09.25"]
[Round "2"]
[Board "4"]
[WhiteFideId "13602250"]
[White "Quparadze Giga"]
[BlackFideId "1444948"]
[Black "Bjerre Jonas Buhl"]
[Result "1-0"]
[LiveChessVersion "1.4.8"]
[BlackElo "2423"]
[WhiteElo "2495"]

1. e4 {[%clk 1:30:56]} c5 {[%clk 1:30:47]} 2. Nf3 {[%clk 1:31:19]} d6
{[%clk 1:31:01]} 3. Nc3 {[%clk 1:31:41]} Nf6 {[%clk 1:30:28]} 4. d4
{[%clk 1:32:03]} cxd4 {[%clk 1:30:47]} 5. Nxd4 {[%clk 1:32:29]} a6
{[%clk 1:30:43]} 6. g3 {[%clk 1:32:42]} e5 {[%clk 1:30:23]} 7. Nb3
{[%clk 1:33:06]} Be7 {[%clk 1:29:43]} 8. Bg2 {[%clk 1:33:31]} O-O
{[%clk 1:28:11]} 9. O-O {[%clk 1:33:55]} Be6 {[%clk 1:25:16]} 10. a4
{[%clk 1:33:34]} Nbd7 {[%clk 1:22:06]} 11. Re1 {[%clk 1:33:56]} Qc7
{[%clk 1:17:13]} 12. Nd2 {[%clk 1:34:08]} Bg4 {[%clk 1:04:20]} 13. Bf3
{[%clk 1:33:17]} Bxf3 {[%clk 1:04:07]} 14. Nxf3 {[%clk 1:32:28]} Rfc8
{[%clk 0:59:03]} 15. Nh4 {[%clk 1:31:39]} Qc6 {[%clk 0:52:11]} 16. Nf5
{[%clk 1:30:06]} Bf8 {[%clk 0:51:42]} 17. g4 {[%clk 1:29:53]} g6 {[%clk 0:39:43]}
18. Ng3 {[%clk 1:29:38]} b5 {[%clk 0:37:24]} 19. g5 {[%clk 1:30:03]} Ne8
{[%clk 0:35:03]} 20. h4 {[%clk 1:21:31]} Nc7 {[%clk 0:32:23]} 21. Qg4
{[%clk 1:10:19]} Nc5 {[%clk 0:27:12]} 22. axb5 {[%clk 1:07:18]} axb5
{[%clk 0:27:21]} 23. Rxa8 {[%clk 1:07:14]} Rxa8 {[%clk 0:27:32]} 24. Be3
{[%clk 1:07:40]} N5e6 {[%clk 0:22:04]} 25. Qd1 {[%clk 1:07:24]} Nf4
{[%clk 0:21:11]} 26. Bxf4 {[%clk 1:06:45]} exf4 {[%clk 0:21:34]} 27. Nge2
{[%clk 1:07:12]} b4 {[%clk 0:19:43]} 28. Nd5 {[%clk 1:07:11]} Nxd5
{[%clk 0:19:01]} 29. exd5 {[%clk 1:06:32]} Qc5 {[%clk 0:15:41]} 30. Nxf4
{[%clk 1:06:46]} Qc4 {[%clk 0:13:55]} 31. Ng2 {[%clk 1:06:16]} Ra5
{[%clk 0:12:50]} 32. Re8 {[%clk 0:59:36]} Rxd5 {[%clk 0:10:35]} 33. Qf3
{[%clk 0:59:57]} Re5 {[%clk 0:08:47]} 34. Rb8 {[%clk 0:56:46]} Qe4
{[%clk 0:05:24]} 35. Qxe4 {[%clk 0:49:16]} Rxe4 {[%clk 0:05:50]} 36. b3
{[%clk 0:49:45]} Kg7 {[%clk 0:04:51]} 37. Kf1 {[%clk 0:50:03]} Be7
{[%clk 0:02:23]} 38. f3 {[%clk 0:46:04]} Rd4 {[%clk 0:02:10]} 39. Ke2
{[%clk 0:45:11]} d5 {[%clk 0:01:20]} 40. Rb7 {[%clk 1:13:52]} Bd6
{[%clk 0:30:45]} 41. Ke3 {[%clk 1:07:24]} Bc5 {[%clk 0:26:45]} 42. Rb5
{[%clk 1:06:07]} Re4+ {[%clk 0:22:09]} 43. Kd3 {[%clk 1:06:18]} Rd4+
{[%clk 0:22:29]} 44. Ke2 {[%clk 1:06:44]} Bd6 {[%clk 0:21:18]} 45. h5
{[%clk 1:06:54]} gxh5 {[%clk 0:20:47]} 46. Ne3 {[%clk 1:06:39]} Rf4
{[%clk 0:12:34]} 47. Rxd5 {[%clk 1:07:03]} Bc7 {[%clk 0:09:49]} 48. Ng2
{[%clk 1:07:27]} h4 {[%clk 0:06:16]} 49. Ke3 {[%clk 1:06:37]} Rf5
{[%clk 0:04:00]} 50. Rxf5 {[%clk 1:05:53]} h3 {[%clk 0:04:25]} 51. Rf6
{[%clk 1:05:52]} h5 {[%clk 0:02:37]} 52. Nf4 {[%clk 1:05:51]} h2 {[%clk 0:02:22]}
53. Nxh5+ {[%clk 1:06:17]} Kf8 {[%clk 0:02:17]} 54. Ng3 {[%clk 1:06:38]} Bxg3
{[%clk 0:02:39]} 55. Rh6 {[%clk 1:07:05]} Kg7 56. f4 {[%clk 1:07:29]} 1-0

[Event "World Chess Olympiad 2018"]
[Site "Batumi"]
[Date "2018.09.25"]
[Round "2"]
[Board "4"]
[WhiteFideId "3902480"]
[White "Vivas Zamora Fabian Ernesto"]
[BlackFideId "2606577"]
[Black "Hambleton Aman"]
[Result "1/2-1/2"]
[LiveChessVersion "1.4.8"]
[BlackElo "2492"]
[WhiteElo "2363"]

1. e4 {[%clk 1:30:55]} c5 {[%clk 1:30:44]} 2. Nf3 {[%clk 1:31:05]} e6
{[%clk 1:31:07]} 3. d4 {[%clk 1:31:20]} cxd4 {[%clk 1:31:30]} 4. Nxd4
{[%clk 1:31:41]} Nc6 {[%clk 1:31:55]} 5. Nc3 {[%clk 1:31:53]} Qc7
{[%clk 1:32:13]} 6. Be3 {[%clk 1:31:46]} a6 {[%clk 1:32:36]} 7. Qf3
{[%clk 1:30:56]} b5 {[%clk 1:32:54]} 8. O-O-O {[%clk 1:27:24]} Bb7
{[%clk 1:24:08]} 9. Qg3 {[%clk 1:17:47]} Bd6 {[%clk 1:02:07]} 10. f4
{[%clk 0:57:44]} Nxd4 {[%clk 1:02:13]} 11. Rxd4 {[%clk 0:58:09]} Bf8
{[%clk 1:02:33]} 12. Be2 {[%clk 0:43:54]} Rc8 {[%clk 0:55:39]} 13. Rhd1
{[%clk 0:24:17]} Nf6 {[%clk 0:51:23]} 14. Bd3 {[%clk 0:14:08]} b4
{[%clk 0:43:01]} 15. Na4 {[%clk 0:12:16]} d5 {[%clk 0:27:33]} 16. exd5
{[%clk 0:11:32]} Nxd5 {[%clk 0:23:32]} 17. Rc4 {[%clk 0:06:07]} Qa5
{[%clk 0:20:35]} 18. b3 {[%clk 0:06:22]} Be7 {[%clk 0:03:44]} 19. Bd4
{[%clk 0:02:15]} Bf6 {[%clk 0:01:57]} 20. Bxf6 {[%clk 0:02:03]} gxf6
{[%clk 0:02:26]} 21. Rxc8+ {[%clk 0:00:57]} Bxc8 {[%clk 0:02:53]} 22. Be4
{[%clk 0:00:56]} Nc3 {[%clk 0:02:48]} 23. Qg7 {[%clk 0:00:38]} Rf8
{[%clk 0:03:08]} 24. Bc6+ {[%clk 0:00:33]} Ke7 {[%clk 0:03:36]} 25. Rd3
{[%clk 0:00:34]} Ne2+ {[%clk 0:01:13]} 26. Kb1 {[%clk 0:00:46]} Nxf4
{[%clk 0:00:52]} 27. Rf3 {[%clk 0:00:47]} Qc7 {[%clk 0:00:36]} 28. Qg3 e5
{[%clk 0:00:42]} 29. Qe1 {[%clk 0:00:37]} Qxc6 {[%clk 0:00:42]} 30. Rxf4
{[%clk 0:01:06]} a5 {[%clk 0:00:49]} 31. Rc4 {[%clk 0:01:02]} Qd6
{[%clk 0:00:57]} 32. Qe3 {[%clk 0:00:57]} Rd8 {[%clk 0:00:34]} 33. Qa7+
{[%clk 0:00:53]} Kf8 {[%clk 0:00:53]} 34. Qxa5 {[%clk 0:01:02]} Be6
{[%clk 0:00:45]} 35. Rh4 {[%clk 0:00:32]} Qd1+ {[%clk 0:00:33]} 36. Kb2
{[%clk 0:01:01]} Rb8 {[%clk 0:00:35]} 37. Rxb4 {[%clk 0:00:50]} Rc8
{[%clk 0:00:59]} 38. c4 {[%clk 0:00:44]} Rd8 {[%clk 0:00:35]} 39. Rb7
{[%clk 0:00:34]} Rd2+ {[%clk 0:00:34]} 40. Ka3 {[%clk 0:31:02]} Qc1+
{[%clk 0:30:36]} 41. Kb4 {[%clk 0:31:29]} Rxa2 {[%clk 0:22:53]} 42. Qd8+
{[%clk 0:29:51]} Kg7 {[%clk 0:23:14]} 43. Nc5 {[%clk 0:30:11]} Bf5
{[%clk 0:06:34]} 44. Kb5 {[%clk 0:21:37]} Qd2 {[%clk 0:05:00]} 45. Qe7
{[%clk 0:17:43]} Ra5+ {[%clk 0:01:44]} 46. Kc6 {[%clk 0:18:02]} Rxc5+
{[%clk 0:01:37]} 47. Kxc5 {[%clk 0:18:16]} Qa5+ {[%clk 0:01:48]} 48. Kd6
{[%clk 0:13:22]} Qa6+ {[%clk 0:01:33]} 49. Kd5 {[%clk 0:11:17]} Be6+
{[%clk 0:00:44]} 50. Kc5 {[%clk 0:11:40]} Qa5+ {[%clk 0:00:52]} 51. Kc6
{[%clk 0:11:23]} Qa6+ {[%clk 0:00:57]} 52. Kc7 {[%clk 0:11:42]} Qa8
{[%clk 0:00:32]} 53. Qc5 {[%clk 0:07:14]} Qc8+ {[%clk 0:00:37]} 54. Kb6
{[%clk 0:07:36]} Qd8+ {[%clk 0:01:03]} 55. Ka7 {[%clk 0:07:47]} Qd2
{[%clk 0:01:09]} 56. Qc6 {[%clk 0:07:31]} Qa5+ {[%clk 0:01:01]} 57. Kb8
{[%clk 0:07:16]} Qd8+ {[%clk 0:01:26]} 58. Ka7 {[%clk 0:07:35]} Qa5+
{[%clk 0:01:52]} 59. Kb8 {[%clk 0:07:39]} Qd8+ 1/2-1/2

[Event "World Chess Olympiad 2018"]
[Site "Batumi"]
[Date "2018.09.25"]
[Round "2"]
[Board "2"]
[WhiteFideId "1900021"]
[White "Fernandes Antonio"]
[BlackFideId "3618471"]
[Black "Noboa Kevin"]
[Result "0-1"]
[LiveChessVersion "1.4.8"]
[BlackElo "2256"]
[WhiteElo "2389"]

1. Nf3 {[%clk 1:30:44]} Nf6 {[%clk 1:30:48]} 2. c4 {[%clk 1:30:01]} c5
{[%clk 1:30:41]} 3. d4 {[%clk 1:30:17]} cxd4 {[%clk 1:30:30]} 4. Nxd4
{[%clk 1:30:41]} b6 {[%clk 1:28:30]} 5. f3 {[%clk 1:30:14]} Bb7 {[%clk 1:27:55]}
6. e4 {[%clk 1:30:21]} d6 {[%clk 1:27:13]} 7. Nc3 {[%clk 1:30:32]} a6
{[%clk 1:27:14]} 8. Be3 {[%clk 1:25:25]} e6 {[%clk 1:26:23]} 9. Qd2
{[%clk 1:21:10]} Be7 {[%clk 1:25:26]} 10. Be2 {[%clk 1:20:07]} O-O
{[%clk 1:24:43]} 11. O-O {[%clk 1:19:53]} Re8 {[%clk 1:22:38]} 12. Rfd1
{[%clk 1:18:46]} Nbd7 {[%clk 1:20:36]} 13. Bf1 {[%clk 1:09:05]} Qc7
{[%clk 1:17:08]} 14. Rac1 {[%clk 1:08:08]} Rac8 {[%clk 1:16:42]} 15. a3
{[%clk 0:17:36]} Qb8 {[%clk 0:57:10]} 16. b4 {[%clk 0:14:46]} Ne5
{[%clk 0:46:58]} 17. Na4 {[%clk 0:13:01]} Nfd7 {[%clk 0:44:20]} 18. Qf2
{[%clk 0:10:26]} Ba8 {[%clk 0:36:59]} 19. Nb3 {[%clk 0:09:33]} Bd8
{[%clk 0:36:03]} 20. Nb2 {[%clk 0:01:35]} Nf6 {[%clk 0:31:12]} 21. h3
{[%clk 0:01:44]} Bc7 {[%clk 0:27:18]} 22. Nd2 {[%clk 0:00:37]} Ned7
{[%clk 0:24:32]} 23. Bd3 {[%clk 0:00:32]} d5 {[%clk 0:21:52]} 24. cxd5
{[%clk 0:00:38]} Bh2+ {[%clk 0:21:32]} 25. Kh1 {[%clk 0:00:39]} Rxc1
{[%clk 0:21:42]} 26. Rxc1 {[%clk 0:01:08]} Bg3 {[%clk 0:21:40]} 27. Qg1
{[%clk 0:00:31]} exd5 {[%clk 0:21:50]} 28. exd5 Nxd5 {[%clk 0:20:38]} 29. Be4
{[%clk 0:00:32]} Nxe3 {[%clk 0:19:33]} 30. Qxe3 {[%clk 0:01:01]} Nf6
{[%clk 0:19:51]} 31. Nd3 {[%clk 0:00:32]} h5 {[%clk 0:17:26]} 32. Rd1
{[%clk 0:00:33]} h4 {[%clk 0:17:45]} 33. Nf2 {[%clk 0:00:31]} Nd5
{[%clk 0:12:21]} 34. Qd4 {[%clk 0:00:37]} Be5 {[%clk 0:11:53]} 35. Qd3
{[%clk 0:00:48]} Nf4 {[%clk 0:10:16]} 36. Qxa6 {[%clk 0:01:00]} Bxe4
{[%clk 0:06:35]} 37. Ndxe4 {[%clk 0:01:29]} Qc7 {[%clk 0:06:33]} 38. Qb5
{[%clk 0:00:39]} Ra8 {[%clk 0:02:28]} 39. Ng4 {[%clk 0:00:41]} Qc2
{[%clk 0:02:03]} 40. Nef2 {[%clk 0:31:02]} Bc7 {[%clk 0:31:25]} 41. Qg5
{[%clk 0:20:48]} Ne2 {[%clk 0:14:07]} 42. Ne3 {[%clk 0:02:23]} Ng3+
{[%clk 0:11:46]} 43. Kg1 {[%clk 0:02:20]} Qb2 {[%clk 0:04:52]} 44. Nf5
{[%clk 0:00:34]} Nxf5 {[%clk 0:03:44]} 45. Qxf5 {[%clk 0:01:01]} Bg3
{[%clk 0:04:04]} 46. Ne4 {[%clk 0:01:02]} Qe2 {[%clk 0:04:02]} 47. Qd5
{[%clk 0:00:51]} Re8 {[%clk 0:02:26]} 48. Qd7 {[%clk 0:00:32]} Qe3+
{[%clk 0:01:04]} 49. Kh1 {[%clk 0:00:43]} Rf8 {[%clk 0:00:39]} 50. a4 0-1

[Event "World Chess Olympiad 2018"]
[Site "Batumi"]
[Date "2018.09.25"]
[Round "2"]
[Board "2"]
[WhiteFideId "719978"]
[White "Erdos Viktor"]
[BlackFideId "4700600"]
[Black "Mehmeti Dritan"]
[Result "1/2-1/2"]
[LiveChessVersion "1.4.8"]
[BlackElo "2391"]
[WhiteElo "2609"]

1. Nf3 {[%clk 1:30:47]} Nf6 {[%clk 1:25:50]} 2. c4 {[%clk 1:30:53]} b6
{[%clk 1:25:57]} 3. g3 {[%clk 1:29:04]} Bb7 {[%clk 1:26:17]} 4. Bg2
{[%clk 1:29:31]} e6 {[%clk 1:26:25]} 5. O-O {[%clk 1:29:41]} Be7 {[%clk 1:26:41]}
6. d4 {[%clk 1:29:26]} O-O {[%clk 1:26:46]} 7. Nc3 {[%clk 1:29:23]} Ne4
{[%clk 1:26:15]} 8. Bd2 {[%clk 1:29:42]} Bf6 {[%clk 1:24:30]} 9. Re1
{[%clk 1:24:25]} c5 {[%clk 1:15:59]} 10. e3 {[%clk 1:20:28]} d6 {[%clk 1:00:38]}
11. Qc2 {[%clk 1:10:20]} Nxd2 {[%clk 0:56:43]} 12. Qxd2 {[%clk 1:01:27]} cxd4
{[%clk 0:52:56]} 13. exd4 {[%clk 0:59:13]} Nd7 {[%clk 0:49:55]} 14. h4
{[%clk 0:50:24]} a6 {[%clk 0:44:37]} 15. Qd3 {[%clk 0:47:20]} h6 {[%clk 0:40:52]}
16. Rac1 {[%clk 0:34:09]} Qc7 {[%clk 0:35:54]} 17. d5 {[%clk 0:18:59]} Bxc3
{[%clk 0:28:10]} 18. Rxc3 {[%clk 0:16:54]} e5 {[%clk 0:26:59]} 19. g4
{[%clk 0:13:44]} Rae8 {[%clk 0:25:48]} 20. b4 {[%clk 0:13:18]} Bc8
{[%clk 0:21:36]} 21. Nh2 {[%clk 0:12:07]} a5 {[%clk 0:20:01]} 22. a3
{[%clk 0:12:34]} axb4 {[%clk 0:20:11]} 23. axb4 {[%clk 0:13:01]} Qd8
{[%clk 0:18:07]} 24. Qh3 {[%clk 0:07:50]} Nf6 {[%clk 0:16:40]} 25. Qg3
{[%clk 0:07:55]} Nh7 {[%clk 0:14:15]} 26. c5 {[%clk 0:07:58]} bxc5
{[%clk 0:13:40]} 27. bxc5 {[%clk 0:08:24]} f5 {[%clk 0:10:48]} 28. gxf5
{[%clk 0:08:31]} Rxf5 {[%clk 0:06:19]} 29. cxd6 {[%clk 0:02:58]} Qxd6
{[%clk 0:05:25]} 30. Bh3 {[%clk 0:01:45]} Rff8 {[%clk 0:05:12]} 31. Rxc8
{[%clk 0:01:15]} Rxc8 {[%clk 0:05:33]} 32. Be6+ {[%clk 0:01:29]} Kh8
{[%clk 0:05:49]} 33. Bxc8 {[%clk 0:00:44]} Rxc8 {[%clk 0:06:11]} 34. Qxe5
{[%clk 0:01:11]} Qb4 {[%clk 0:02:22]} 35. Re4 {[%clk 0:00:50]} Qb1+
{[%clk 0:02:33]} 36. Re1 {[%clk 0:01:14]} Qb4 {[%clk 0:02:50]} 37. Re4
{[%clk 0:00:45]} Qb1+ {[%clk 0:03:17]} 38. Re1 {[%clk 0:00:51]} Qb4
{[%clk 0:03:45]} 39. Qe4 {[%clk 0:00:40]} Qxe4 {[%clk 0:02:39]} 40. Rxe4
{[%clk 0:33:02]} Nf6 {[%clk 0:33:06]} 41. Rd4 {[%clk 0:32:03]} Rd8
{[%clk 0:29:41]} 42. d6 {[%clk 0:32:23]} Ne8 {[%clk 0:26:41]} 43. Ng4
{[%clk 0:27:53]} Rxd6 {[%clk 0:26:29]} 44. Re4 {[%clk 0:28:17]} Nf6
{[%clk 0:26:43]} 45. Nxf6 1/2-1/2